000 01649cam a22004454a 4500
001 306
003 FISKH
005 20230320092503.0
008 060310s2007 nyua j b 001 0 eng
010 _a 2006008371
020 _a9780375828829 (trade)
020 _a0375828826 (trade)
020 _a9780375928826 (lib. bdg.)
020 _a0375928820 (lib. bdg.)
035 _a(OCoLC)ocm64624965
035 _a(OCoLC)64624965
040 _aDLC
_cDLC
_dBKX
_dBAKER
_dBTCTA
_dXY4
_dDLC
042 _apcc
_alcac
050 0 0 _aQL544.2
_b.R33 2007
100 1 _aRabe, Tish.
245 1 0 _aMy, oh my-- a butterfly! /
_cby Tish Rabe ; illustrated by Aristides Ruiz and Joe Mathieu.
250 _a1st ed.
260 _aNew York :
_bRandom House,
_cc2007.
300 _a45 p. :
_bcol. ill. ;
_c24 cm.
440 0 _aCat in the Hat's learning library
504 _aIncludes bibliographical references (p. 43) and index.
505 _aK
520 _aRhyming text explains the nature and habits of butterflies.
521 8 _a570
_bLexile
521 8 _aK
_bRaz-Plus
650 0 _aButterflies
_vJuvenile literature.
650 1 _aButterflies.
700 1 _aRuiz, Aristides,
_eill.
700 1 _aMathieu, Joe,
_d1949-
_eill.
856 4 2 _3Contributor biographical information
_uhttp://www.loc.gov/catdir/enhancements/fy0661/2006008371-b.html
856 4 2 _3Publisher description
_uhttp://www.loc.gov/catdir/enhancements/fy0661/2006008371-d.html
906 _a7
_bcbc
_corignew
_d1
_eecip
_f20
_gy-gencatlg
942 _2ddc
_cBK
_n0
999 _c306
_d306